| 000 | 01013nam a22003017a 4500 | ||
|---|---|---|---|
| 001 | 5158 | ||
| 003 | FISKH | ||
| 005 | 20241108094337.0 | ||
| 008 | 241108b cb ||||| |||| 00| 0 eng d | ||
| 020 | _a9780448428598 | ||
| 040 |
_aFISKH _beng _cFISKH _dFISKH |
||
| 050 | _aPZ7.B1377 | ||
| 082 | _a510 | ||
| 100 |
_aBader, Bonnie _d(1961-) |
||
| 245 |
_a100 monsters in my school / _cby Bonnie Bader illustrated by Bryan Hendrix |
||
| 250 | _aPublished in 2002 | ||
| 260 |
_aNew York : _bPenguin, _c2002. |
||
| 300 |
_a48 pages : _bColor illustrations ; _c23 cm |
||
| 505 | _aL | ||
| 520 | _aJane Brain, the only non-monster at Frank N. Stein Elementary School, is unhappy because she is the only student who didn't find 100 items to bring for show and tell on the 100th day of school. | ||
| 521 | 8 |
_a510L
_bLexile |
|
| 521 | 8 |
_aL
_bRaz-Plus |
|
| 650 |
_2Fiction _aSchool _vHalloween |
||
| 650 |
_2Math _aVampires |
||
| 700 |
_aHendrix, Bryan _dIllustrator |
||
| 942 |
_2ddc _cBK _n0 |
||
| 999 |
_c5158 _d5158 |
||